000 00892nam a2200253Ia 4500
008 130821s1995 sp gr spa
020 _a958 04 2193 5
040 _aCo-BoUCM
_bspa
041 0 0 _aspa
100 1 _aFlaubert, Gustave
_91662
245 1 0 _aMadame Bovary
_cGustave Flaubert ; traducción de Nicolás Suescún
260 _aBarcelona (España)
_bGrupo Editorial Norma
_c1995
300 _avarias paginaciones
490 _aCara y Cruz
501 _aCon : A propósito de Gustave Flaubert y su obra.
600 _aFlaubert, Gustave
_d1821-1880
_xCrítica e interpretación, etc.
_949170
650 _aLiteratura europea
_926524
650 _aLiteratura francesa
_97794
650 _aNovela francesa
_920506
700 1 _aSuescún, Nicolás
_etrad.
_945785
765 _aMadame Bovary
942 _cLIBRO
_a18
_e1
_mF587ma
_2DEWEY
_h843.8
999 _c74079
_d74079